ՀՀ Գիտությունների ազգային ակադեմիայի հիմնարար գիտական գրադարան  =   Fundamental Scientific Library of NAS RA

Лекции по истории Греции / (Record no. 323357)

MARC details
000 -LEADER
fixed length control field 00778nam a2200217 a 4500
001 - CONTROL NUMBER
control field 000966124
003 - CONTROL NUMBER IDENTIFIER
control field AM-YeHGA
005 - DATE AND TIME OF LATEST TRANSACTION
control field 20250617150036.0
008 - FIXED-LENGTH DATA ELEMENTS--GENERAL INFORMATION
fixed length control field 130603s1906 ru r 000 0 rus d
040 ## - CATALOGING SOURCE
Original cataloging agency AM-YeHGA
041 0# - LANGUAGE CODE
Language code of text/sound track or separate title rus
090 ## - LOCALLY ASSIGNED LC-TYPE CALL NUMBER (OCLC); LOCAL CALL NUMBER (RLIN)
-- 325101
100 1# - MAIN ENTRY--PERSONAL NAME
Personal name Виппер, Роберт Юрьевич,
Dates associated with a name 1859-1954
245 10 - TITLE STATEMENT
Title Лекции по истории Греции /
Statement of responsibility, etc. Проф. Р. Виппер.
260 ## - PUBLICATION, DISTRIBUTION, ETC.
Place of publication, distribution, etc. Москва :
Name of publisher, distributor, etc. Типо-литогр. Т-ва Кушнерев и К°,
Date of publication, distribution, etc. 1906-
300 ## - PHYSICAL DESCRIPTION
Extent часть ;
Dimensions 23 см.
505 10 - FORMATTED CONTENTS NOTE
Miscellaneous information Ч. 1 (1906; [4], 230 c. : карт.)
650 14 - SUBJECT ADDED ENTRY--TOPICAL TERM
Topical term or geographic name entry element История
General subdivision Древняя Греция
Form subdivision Учебное пособие
653 0# - INDEX TERM--UNCONTROLLED
Uncontrolled term Древняя Греция - История
942 ## - ADDED ENTRY ELEMENTS (KOHA)
Source of classification or shelving scheme Universal Decimal Classification
Koha item type Գրքեր / Books
Holdings
Withdrawn status Lost status Source of classification or shelving scheme Damaged status Not for loan Collection Home library Current library Date acquired Serial enumeration / chronology Total checkouts Full call number Barcode Date last seen Price effective from Koha item type Public note
    Universal Decimal Classification     General Fundamental Scientific Library Fundamental Scientific Library 09/01/2017 Ч. 1   PII/487036 FL0264084 09/01/2017 09/01/2017 Գրքեր / Books 30 Days Loan
          General Fundamental Scientific Library Fundamental Scientific Library 06/09/2019 Ч. 1   РД II/63047 FL0597381 06/09/2019 06/09/2019 Գրքեր / Books 30 Days Loan
    Universal Decimal Classification     Kusikian Individual Collection Fundamental Scientific Library Fundamental Scientific Library 17/03/2025 Ч. 1   Кус/1707 FL0686248 17/03/2025 17/03/2025 Գրքեր / Books ILL Non-Circ.


ՀՀ ԳԱԱ հիմնարար գիտական գրադարան
ՀՀ,Երևան 0019
Մարշալ Բաղրամյան 24/6
հեռախոս:(374-10) 52-47-50
Հետադարձ կապ

All site content, except where otherwise noted, is licensed under a
Creative Commons License